000
00301nam a22001337a 4500
008
180131b xxu||||| |||| 00| 0 eng d
020
_a
347098002
041
_a
eng
080
_a
910
100
_a
42
101
_a
GJEO
245
_a
Economic Geography of South America
_c
Whitebeck
942
_2
udc
_c
BK
999
_c
41317
_d
41317